000 00701nam a2200217 i 4500
001 107972
003 ES-MaACL
005 20250829080507.0
007 t|
008 070105s1970 sp |||| | spa d
080 _a86-221"19"
100 1 _aBenavente, Jacinto,
_d1866-1954
_927443
245 1 4 _aLos intereses creados /
_cJacinto Benavente ; prólogo de Juan Sampelayo.
260 _aEstella (Navarra) :
_bSalvat,
_c1970.
300 _a136 p. ;
_c19 cm.
490 1 _aBiblioteca básica Salvat de Libros RTV ;
_v48
700 1 _aSampelayo, Juan H.
_9102190
830 0 0 _aBiblioteca básica Salvat de libros RTV
_v48
_9185398
852 _aES-MaACL
_jE-2969
999 _c107972
_d107972